000 00696nam a2200217Ia 4500
003 GCL
008 140319s9999 xx 000 0 ara d
040 _aGCL /
_cGCL
082 0 4 _aق
_b330.962
_bج ا
100 1 _aجمال الدين محمد سعيد
245 1 0 _aاقتصاديات مصر /
_cجمال الدين محمد سعيد
300 _a371 ص
490 _aالهيئة العامة للاستعلامات
_v0
650 0 4 _aمصر
650 0 4 _aالاقتصاد
650 0 4 _aالاحوال الاقتصادية
650 0 4 _aالتنمية الاقتصادية
650 0 4 _aالاقتصاد المصرى
650 0 4 _aالجداول الاحصائية
942 _2ddc
_cBK
999 _c49608
_d49608